000 00503nam a2200229Ia 4500
001 002087
003 YMCAF
005 20230512160127.0
008 100717s1958 ||||||||||||||||| ||und|d
024 _a2087
035 _a2068
040 _aYMCAF
_beng
_cIN-KoLT
041 _aeng
082 _a920
_bKOZ
100 _aKOZIK F.
245 4 _aTHE SORROWFUL AND HEROIC LIFE OF JOHN AMOS COMENIUS
260 _c1958
300 _a187
653 _aBiography
653 _aGeneral
942 _2ddc
_cBK
999 _c1668
_d1668